Chemical infrared Fourier transform spectroscopy /
Guardado en:
| Autor Principal: | |
|---|---|
| Formato: | Libro |
| Idioma: | English |
| Publicado: |
New York :
Wiley,
c1975.
|
| Series: | Chemical analysis ;
v. 43 |
| Materias: | |
| Etiquetas: |
Agregar Etiqueta
Sin Etiquetas, Sea el primero en etiquetar este registro!
|
| LEADER | 00913cam a22002535a 4500 | ||
|---|---|---|---|
| 001 | EIQ.libpla000865 | ||
| 008 | 750226s1975####nyua#####b####001#0#eng#d | ||
| 005 | 20060608191748.0 | ||
| 245 | 1 | 0 | |a Chemical infrared Fourier transform spectroscopy / |c Peter R. Griffiths. |
| 260 | |a New York : |b Wiley, |c c1975. | ||
| 300 | |a x, 340 p. : |b il. ; |c 23 cm. | ||
| 440 | 0 | |a Chemical analysis ; |v v. 43 | |
| 500 | |a "A Wiley-Interscience publication." | ||
| 504 | |a Incluye referencias bibliográficas e índice. | ||
| 020 | |a 0471327867 | ||
| 100 | 1 | |a Griffiths, Peter R., |d 1942- | |
| 082 | 0 | 0 | |a 544/.63 |
| 650 | 4 | |a Espectroscopía |x Infrarojo. | |
| 650 | 4 | |a Espectroscopía de Fourier |x Teoría y aplicaciones. | |
| 650 | 4 | |a Fourier transform spectroscopy |x Theory and applications. | |
| 650 | 4 | |a Spectroscopy |x Infrared. | |
| 010 | |a 75006505 | ||
| 040 | |a DLC |c DLC |d AR-BbSID | ||
| 859 | |a AR-BbSID |b BIB. PLAPIQUI |h 544.63 |i G 478 |p 569 | ||
